000
00340nam a2200157Ia 4500
008
240830s1900 xx 000 0 und d
041
_a
mar
082
_a
1
100
_a
MEDICA
245
_a
MANUAL OF MIDVAEFARI
250
_a
1
260
_b
N.D.
_c
1900
300
_a
100p
906
_a
MANUAL OF MIDVAEFARI
999
_c
1183900
_d
1183900